000 00638cam a22002053a 4500
001 39256
003 PGUSA
005 20140828083855.0
008 120324s2012||||xxu|||||s|||||000 | eng d
040 _aPGUSA
_beng
042 _adc
100 1 _aHément, Félix,
_d1827-1891
245 1 0 _aPetit traité des punitions et des récompenses à l'usage des maîtres et des parents
_h[electronic resource] /
_cFélix Hément
260 _bProject Gutenberg,
_c2012
506 _aPublic domain in the USA.
516 _aElectronic text
830 0 _aProject Gutenberg
_v39256
856 4 0 _uhttp://www.gutenberg.org/ebooks/39256
942 _cEB
999 _c268509
_d268509